Project management secrets : (Record no. 4216)

MARC details
000 -LEADER
fixed length control field 00602cam a2200193 4500
001 - CONTROL NUMBER
control field 5046
005 - DATE AND TIME OF LATEST TRANSACTION
control field 20181127174649.0
008 - FIXED-LENGTH DATA ELEMENTS--GENERAL INFORMATION
fixed length control field 051121s2005 caua b 001 0 eng d
010 ## - LIBRARY OF CONGRESS CONTROL NUMBER
LC control number 2004447872
020 ## - INTERNATIONAL STANDARD BOOK NUMBER
International Standard Book Number 9780007328109
100 1# - MAIN ENTRY--PERSONAL NAME
Personal name Batchelor, Matthew.
245 14 - TITLE STATEMENT
Title Project management secrets :
Statement of responsibility, etc.
Remainder of title the experts tell all! /
Statement of responsibility, etc. Matthew Batchelor.
260 ## - PUBLICATION, DISTRIBUTION, ETC.
Place of publication, distribution, etc. London :
Name of publisher, distributor, etc. HarperCollins Pub.,
Date of publication, distribution, etc. 2010.
300 ## - PHYSICAL DESCRIPTION
Extent 127 p. :
Other physical details ill. ;
Dimensions 22 cm.
504 ## - BIBLIOGRAPHY, ETC. NOTE
Bibliography, etc. note Includes bibliographical references and index.
650 #0 - SUBJECT ADDED ENTRY--TOPICAL TERM
Topical term or geographic name entry element Leadership.
Topical term or geographic name entry element Project management.
Holdings
Withdrawn status Lost status Source of classification or shelving scheme Damaged status Not for loan Collection code Home library Current library Shelving location Date acquired Serial Enumeration / chronology Inventory number Total Checkouts Full call number Barcode Date last seen Date last checked out Price effective from Koha item type
    Dewey Decimal Classification     Main TEST RTC Library RTC Library Main opac 25/08/2021 8245 3 658.404 BAT 30008279 09/11/2023 06/07/2023 27/11/2018 Main
Royal Thimphu College || All Right Reserved